| 000 | 00557nam a22001457a 4500 | ||
|---|---|---|---|
| 008 | 230630b |||||||| |||| 00| 0 eng d | ||
| 040 |
_aNational Science Library _cNational Science Library |
||
| 080 |
_a5/6(1-77)(082.2) _bK3 |
||
| 245 |
_aDelegation of the Rumanian peoples republic at the United Nations conference of the applications of science and technology for the benefit of the less develop areas: _bGeneva, February 4-20, 1963 |
||
| 260 |
_aGeneva: _c1963212p. |
||
| 300 | _a212p. | ||
| 650 | _aScience | ||
| 653 | _aTechnology | ||
| 942 |
_2udc _cPR |
||
| 999 |
_c48421 _d48421 |
||